000 00526nmm a2200169Ia 4500
008 251105s9999||||xx |||||||||||||||||und||
020 _a9788475228792
041 _aspa
100 _aVila-Belda, Reyes
245 0 _aAntonio Machado, poeta de lo nimio : alteración de la perspectiva
264 _a[Madrid, España] :
_bVisor Libros,
_c2004
300 _a208 páginas
490 _aBiblioteca Filológica Hispana
650 _aSpanish literature
856 _uhttps://public.digitaliapublishing.com/a/28186
942 _cCF
999 _c85048
_d85048